ՀՀ Գիտությունների ազգային ակադեմիայի հիմնարար գիտական գրադարան  =   Fundamental Scientific Library of NAS RA

L art graphique en Egipte : (Record no. 445059)

MARC details
000 -LEADER
fixed length control field 00575nas a22002057a 4500
003 - CONTROL NUMBER IDENTIFIER
control field AM-YeHGA
005 - DATE AND TIME OF LATEST TRANSACTION
control field 20250617160049.0
008 - FIXED-LENGTH DATA ELEMENTS--GENERAL INFORMATION
fixed length control field 191227b19331933fre||||| |||| 00| 0 fre d
040 ## - CATALOGING SOURCE
Original cataloging agency AM-YeHGA
041 #0 - LANGUAGE CODE
Language code of text/sound track or separate title fre
090 ## - LOCALLY ASSIGNED LC-TYPE CALL NUMBER (OCLC); LOCAL CALL NUMBER (RLIN)
-- 447893
245 00 - TITLE STATEMENT
Title L art graphique en Egipte :
Remainder of title Revue Mensuelle d informations Techniques et Pratiques des Arts Graphiques /
260 ## - PUBLICATION, DISTRIBUTION, ETC.
Place of publication, distribution, etc. Le Caire ;
Name of publisher, distributor, etc. Rue Kenissa El Guedida ;
Date of publication, distribution, etc. 1933-
300 ## - PHYSICAL DESCRIPTION
Extent number
310 #0 - CURRENT PUBLICATION FREQUENCY
Current publication frequency mountly
362 ## - DATES OF PUBLICATION AND/OR SEQUENTIAL DESIGNATION
Dates of publication and/or sequential designation 1933-
650 04 - SUBJECT ADDED ENTRY--TOPICAL TERM
Topical term or geographic name entry element Ամսագիր
650 14 - SUBJECT ADDED ENTRY--TOPICAL TERM
Topical term or geographic name entry element Graphic art
Form subdivision Periodicals
942 ## - ADDED ENTRY ELEMENTS (KOHA)
Source of classification or shelving scheme Universal Decimal Classification
Koha item type Շարունակական պաշար / Continuing Resource
Holdings
Withdrawn status Lost status Source of classification or shelving scheme Damaged status Not for loan Collection Home library Current library Date acquired Serial enumeration / chronology Total checkouts Full call number Barcode Date last seen Price effective from Koha item type Public note
    Universal Decimal Classification     Alpoiajian Individual Collection Fundamental Scientific Library Fundamental Scientific Library 27/12/2019 1933, № 2   Alb/4075 FL0612782 27/12/2019 27/12/2019 Շարունակական պաշար / Continuing Resource ILL Non-Circ


ՀՀ ԳԱԱ հիմնարար գիտական գրադարան
ՀՀ,Երևան 0019
Մարշալ Բաղրամյան 24/6
հեռախոս:(374-10) 52-47-50
Հետադարձ կապ

All site content, except where otherwise noted, is licensed under a
Creative Commons License